00275nam a2200121Ia 4500008004100000041001200041082001100053100001400064245004800078260000600126650000600132700001500138221030s9999 xx 000 0 und d aEnglish a105.23 aS. Haykin 0aSignals & Systemscby S. Haykin, B. Vanveen c0 aB aB. Vanveen